[Event "GER-chT U18 Girls"]
[Site "Germany"]
[Date "2011.05.15"]
[Round "7.1"]
[White "Holzapfel, Nanne"]
[Black "Schmitt, Nora"]
[Result "0-1"]
[WhiteElo "800"]
[BlackElo "1016"]
[PlyCount "46"]
[EventDate "2011.05.13"]
[EventType "team-swiss"]
[EventRounds "7"]
[EventCountry "GER"]
[SourceTitle "EXT 2012"]
[Source "ChessBase"]
[SourceDate "2011.11.24"]
[SourceVersion "1"]
[SourceVersionDate "2011.11.24"]
[SourceQuality "1"]
[WhiteTeam "Remplin Benjamins (W)"]
[BlackTeam "Neuenburg Gymn (W)"]
[WhiteTeamCountry "GER"]
[BlackTeamCountry "GER"]

1. e4 d5 2. exd5 Qxd5 3. Nc3 Qa5 4. Bb5+ c6 5. Ba4 Be6 6. Nf3 b5 7. Bb3 Bxb3 8. cxb3 Nf6 9. 0-0 b4 10. Nb1 e5 11. Re1 Bd6 12. d4 Nbd7 13. Bg5 0-0-0 14. Nbd2 exd4 15. Nc4 Qd5 16. Rc1 h6 17. Bxf6 Nxf6 18. Nxd6+ Qxd6 19. Re2 d3 20. Rd2 Ne4 21. Rxd3 Qxd3 22. Ne5 Qxd1+ 23. Rxd1 Rxd1# 0-1